000 00625nam a22002177a 4500
001 6110
003 FISKH
005 20250530093332.0
008 250314b cb ||||| |||| 00| 0 eng d
040 _aFISKH
_bKhmer
_cFISKH
_dFISKH
050 _aPZ7
082 _a900
100 _aAnonymous
245 _aធនញ្ជ័យ /
_cBy Anonymous
260 _aPhnom Penh :
_c1996.
300 _a52 pages :
_billustrartions ;
_c20 cm .
650 _aធនញ្ជ័យ
_vអក្សរសិល្ប៍ខ្មែរបូរាណ
650 _aThun Chey
_vKhmer literature
942 _2ddc
_cKHB
_n0
999 _c6110
_d6110